Normal view MARC view
  • THEORY OF STATISTICS

Entry Topical Term

Number of records used in: 1

001 - CONTROL NUMBER

  • control field: 61377

003 - CONTROL NUMBER IDENTIFIER

  • control field: NUST

005 - DATE AND TIME OF LATEST TRANSACTION

  • control field: 20210628202736.0

008 - FIXED-LENGTH DATA ELEMENTS

  • fixed length control field: 210628|| aca||aabn | a|a d

040 ## - CATALOGING SOURCE

  • Original cataloging agency: NUST
  • Transcribing agency: NUST

150 ## - HEADING--TOPICAL TERM

  • Topical term or geographic name entry element: THEORY OF STATISTICS

670 ## - SOURCE DATA FOUND

  • Source citation: Work cat.: (NUST): Mood, Alexander .M , Graybill, Franklin .A ,Boes, Duane .C 61376, Introduction to the theory of statistics, 2007
© 2023 Central Library, National University of Sciences and Technology. All Rights Reserved.